000 01002cam a2200241 4500
001 WS114077
008 010813n 000 0 eng u
035 _a(Sirsi) u114077
110 _aBritish Wood Preserving and Damp Proofing Association
245 _aBritish Wood Preserving and Damp Proofing Association
520 _aWeb site for this organisation for companies involved in wood treatment and damp control. Includes lists of manufacturers and suppliers, news pages and a list of members. The organisation also supports two divisions; the Property Care Association and the Wood Protection Association.
650 _aORGANISATION
650 _aWOOD TREATMENT
650 _aDAMP PROOFING
650 _aTIMBER
650 _aWOOD PRESERVATIVES
650 _aMANUFACTURERS
650 _aSUPPLIERS
650 _aFLAME RETARDANTS
690 _aBUILT ENVIRONMENT-BUILDING PATHOLOGY
856 4 0 _uhttps://www.bwpda.co.uk
_zView the website free of charge at www.bwpda.co.uk...
942 _n0
999 _c119814
_d119814